Регионална библиотека "Любен Каравелов" - Русе

Ботаника (Запис номер 455956)

MARC детайли
000 -Лидер
Контролно поле с фиксирана дължина nam a22 c 4500
003 - Код на организацията, давaща контролен номер
Контролно поле BLK
005 - Дата и час на последна редакция
Контролно поле 20220517093146.0
008 - Елементи от данни с фиксирана дължина
fixed length control field 200311b bul|||||r ||||||| ||bul||
040 ## - Източник на каталожния запис
Идентификатор на билиотеката - собственик на записа BLK
041 ## - Код за език
Код за езика на текст/звукозапис или на отделно заглавие Български
Код за езика КДБФ Български
080 ## - УДК
Текстов определител УДК Обща ботаника
УДК код - определител по УДК 581
УДК определител (075.8)
УДК - код + определител 581(075.8)
100 ## - Редна дума - Автор
Автор Георгиев, Георги Найденов
Авторска отговорност първи автор
R(LIN) 293022
139 ## - Редно поле
Редна дума Георгиев, Георги Найденов
245 10 - Сведения за заглавието
Заглавие Ботаника
Подзаглавни данни Учебник за студентите-зоотехници и аграрикономисти
Редно поле (дума) Георги Н. Георгиев
257 ## - Страна на издаване
Страна на създаване/издаване България
260 ## - Област на издателските данни
Място на издаване, разпространение и проч. София
Име на издателя, разпространителя и проч. Земиздат
Година на издаване 1961
9 (RLIN) 209440
Издателство - префикс ISBN 954-05-
300 ## - Физическа характеристика
Страници 248 с.
Илюстрации и др. с ил.
Размери/Мащаб 24 см
380 ## - Жанр
Жанр Естествени науки. Математика
504 ## - Забележка за наличие на библиография и др
Забележка за наличие на библиография и под. Библиогр. с. 243
650 #0 - Допълнително описание по предмет – тема
Основно описание – тема или топоним Ботаника - учебници за ВУЗ
9 (RLIN) 245174
653 #7 - Ключова дума – ненормативна
Ключова дума ботаника
9 (RLIN) 182340
852 ## - Местоположение
Форматна сигнатура Цб 34307
Фондова буква Хранилище
999 ## - СИСТЕМНИ КОНТРОЛНИ НОМЕРА
Koha biblionumber 455956
Koha biblioitemnumber 455956
942 ## - АРТИКУЛИ
Вид на библиотечния материал Книги
Скрит в OPAC Не
Периодичен библиозапис Да
944 ## - СЪЗДАВАНЕ И РЕДАКЦИЯ на ЗАПИСА
Създаване/Редакция Създаване
Дата на регистрацията/редакция 2022-05-17
Служител, извършил регистрацията/редакцията К.Д.
Наличности
Код за отписване Код за изгубен артикул Източник на класификационната схема Код за повреда Код за отдаване Артикулен № Име на библиотеката - собственик Име на библиотеката, в която се намира в момента Статус (Текущо местоположение) Дата на вписване в системата Местоположение - отдел Цена в лева Инвентарен номер Систематично азбучна сигнатура Баркод Цена в евро Служебен тип на артикула
  Не е изгубен Universal Decimal Classification Не е повреден ползва се в читалня 885027 Регионална библиотека "Любен Каравелов" Русе Регионална библиотека "Любен Каравелов" Русе Хранилище 2022-05-18 Хранилище 0.95 10763/65 Цб 34307 900000094738 0.49 Книги
Vip Innovations Ltd, Rousse, Bulgaria 2025